| 000 | 00702nam a22002057a 4500 | ||
|---|---|---|---|
| 005 | 20210325181948.0 | ||
| 008 | s1993 eng d | ||
| 020 | _a9745707473 | ||
| 041 | _aeng | ||
| 050 | _aZ669.7 A33 1993 | ||
| 245 | 1 | 0 | _aThe advancement of librarianship : a workshop to identify and assess in South-East Asia and to formulate project proposals (1993 : Bangkok) |
| 260 | 3 |
_aBangkok : _bThammasat University Press, _c1993 |
|
| 300 |
_a120 p. : _b bill., table ; _c 30 cm. |
||
| 650 | 0 | 4 | _aProposal writing in library science |
| 650 | 0 | 4 | _aLibrary science -- Asia, Southeastern -- Congresses |
| 850 | _aNALT | ||
| 942 | _cGB | ||
| 997 | _c000000000013217 | ||
| 998 | _aSAIPHON | ||
| 999 |
_c13217 _d13217 |
||